00891nam a22002417a 450000500170000001000130001702000250003003500130005503700160006804000120008408200170009624501180011326000400023127000480027130000220031950000190034165000380036065000350039870000310043394200260046499900190049095201400050920170124105924.0 aB-127805 c495.00a780761932871 aB-127805 bCen Lib/Ret aDPLbEN a320.954bIND aIndia and the politics of developing countries :cedited by Ashutosh Varshneybessays in memory of Myron Weiner / aNew DelhibSage Publications c2004 bNew DelhiaB-42, Panchsheel Enclavee110017 av,271p.c23cm(Hb) aIncludes index aPolitical Science -- India972116 aDemocratization -- India95630 aVarshney, Ashutosh 972117 2ddccENh320.954mIND c123365d123365 00104070aLbLd2015-06-05eCen Lib/Retg495.00l2o320.954 INDpB-127805r2022-07-20 00:00:00s2022-06-28t1v495.00w2015-06-05yEN